000 02934cam a22004814a 4500
999 _c102
_d102
001 13123864
003 Nust
005 20170105095819.0
008 030314s2003 waua 001 0 eng d
010 _a 2003267118
020 _a0735617716 (set Core Requirements, 2nd edition)
020 _a1572319011 (Exam 70210)
020 _a1572319038 (Exam 70215)
020 _a0735617724 (Exam 70216)
020 _a0735617597 (Exam 70217)
035 _a(OCoLC)ocm50908008
040 _aIAC
_cIAC
_dDLC
042 _alccopycat
050 0 0 _aQA76.3
_b.M533 2003
245 0 0 _aMicrosoft Windows 2000 core requirements : exams 70-210, 70-215, 70-216, 70-217.
246 1 3 _aMCSE self-paced training kit
250 _a2nd ed.
260 _aRedmond, WA :
_bMicrosoft,
_cc2003.
300 _a4 v. in container :
_bill. ;
_c23 cm. +
_e2 CD-ROM (4 3/4 in.).
500 _aTitle from container, issued in container.
500 _aIndividual vols. published separately.
500 _aTo complete the exercises for Windows 2000 server and Windows 2000 Network Infrastructure Administration, you need two computers, each equipped with a network card, internal modems and the minimum configuration listed above. Running the evaluation copy of Windows 2000 Server requires 256MB RAM.
505 0 _aVol. [1]. Exam 70-210. Microsoft Windows 2000 professional -- v. [2]. Exam 70-215. Microsoft Windows 2000 server -- v. [3]. Exam 70-216. Microsoft Windows 2000 network infrastructure administration -- v. [4]. Exam 70-217. Microsoft Windows 2000 Active Directory Services -- Supplemental course materials [CD-ROM] -- Microsoft Windows 2000 Server evaluation edition (120-day limit on use).
538 _aSystem requirements for accompanying computer discs: 133-MHz or higher Pentium-compatible processor ; Microsoft Windows 95, 98, Millennium Edition (Me), 2000 Professional, XP, or Microsoft Windows NT 4 with SP3 or later ; Microsoft Internet Explorer 5.1 or later browser software ; 128MB RAM minimum ; 256 MB RAM recommended ; 2-GB hard disk with a minimum of 1 GB of free space ; SuperVGA monitor ; 256-color display card recommended ; 8x CD-ROM drive or DVD-ROM drive ; Microsoft Mouse or compatible pointing device.
630 0 0 _aMicrosoft Windows (Computer file)
630 0 0 _aMicrosoft Windows server.
650 0 _aElectronic data processing personnel
_xCertification.
650 0 _aMicrosoft software
_xExaminations
_vStudy guides.
710 2 _aMicrosoft Corporation.
740 0 2 _aMicrosoft Windows 2000 professional.
740 0 2 _aMicrosoft Windows 2000 server.
740 0 2 _aMicrosoft Windows 2000 network infrastructure administration.
740 0 2 _aMicrosoft Windows 2000 Active directory services.
740 0 2 _aMCSA/MCSE self-paced training kit.
906 _a7
_bcbc
_ccopycat
_d2
_encip
_f20
_gy-gencatlg
942 _2ddc
_cBK